000
00289nam a22001337a 4500
008
190227b xxu||||| |||| 00| 0 eng d
020
_a
0803626606
041
_a
eng
080
_a
610.73
100
_a
2
101
_a
INF
245
_a
Nursing Care Plans
_c
Doenges,M.E
942
_2
udc
_c
BK
999
_c
54328
_d
54328